Biblioteca Nacional / (Record no. 33178)

MARC details
000 -LEADER
campo de control de longitud fija 00985nam a2200241 i 4500
001 - NÚMERO DE CONTROL
campo de control 33178
003 - IDENTIFICADOR DE NÚMERO DE CONTROL
campo de control ES-MaACL
005 - FECHA Y HORA DE LA ÚLTIMA TRANSACCIÓN
campo de control 20230906154718.0
007 - CAMPO FIJO DE DESCRIPCIÓN FÍSICA--INFORMACIÓN GENERAL
campo de control de longitud fija t|
008 - DATOS DE LONGITUD FIJA--INFORMACIÓN GENERAL
campo de control de longitud fija 030201s1982 cl ||||1| spa d
110 2# - ENTRADA PRINCIPAL--NOMBRE DE ENTIDAD CORPORATIVA
Nombre de entidad corporativa o nombre de jurisdicción como elemento de entrada Biblioteca Nacional (
Sede del congreso/Lugar de la reunión Santiago de Chile)
9 (RLIN) 2199
245 10 - MENCIÓN DEL TÍTULO
Título Biblioteca Nacional /
Mención de responsabilidad, etc. [texto, Sergio Martínez Baeza ; prólogo, Enrique Campos Menéndez].
250 ## - MENCION DE EDICION
Mención de edición 1ª ed.
260 ## - PUBLICACIÓN, DISTRIBUCIÓN, ETC.
Lugar de publicación, distribución, etc. Santiago de Chile :
Nombre del editor, distribuidor, etc. Dirección de Bibliotecas, Archivos y Museos, Ministerio de Educación Pública,
Fecha de publicación, distribución, etc. 1982.
300 ## - DESCRIPCIÓN FÍSICA
Extensión 141 p. :
Otras características físicas principalmente il. ;
Dimensiones 25 cm.
490 1# - MENCIÓN DE SERIE
Mención de serie Colección Chile y su cultura. Serie museos nacionales ;
Designación de volumen o secuencia 1
700 1# - ENTRADA AGREGADA--NOMBRE PERSONAL
Nombre de persona Martínez Baeza, Sergio.
9 (RLIN) 77878
700 1# - ENTRADA AGREGADA--NOMBRE PERSONAL
Nombre de persona Campos Menéndez, Enrique.
9 (RLIN) 34278
710 1# - ENTRADA AGREGADA--NOMBRE DE ENTIDAD CORPORATIVA
Nombre de entidad corporativa o nombre de jurisdicción como elemento de entrada Chile.
Unidad subordinada Dirección de Bibliotecas, Archivos y Museos.
9 (RLIN) 2800
830 0# - PUNTO DE ACCESO ADICIONAL DE SERIE-TÍTULO UNIFORME
Título uniforme Colección Chile y su cultura. Serie museos nacionales ;
Designación de volumen o secuencia 1
9 (RLIN) 181467
852 ## - LOCALIZACIÓN
Ubicación ES-MaACL
Número de control de estantería G-7625
Sublocalización o colección R.114147
Holdings
Estatus retirado Estado de pérdida Estado de daño No para préstamo Biblioteca de origen Biblioteca actual Ubicación en estantería Fecha de adquisición Fuente de adquisición Total de préstamos Signatura topográfica completa Código de barras Visto por última vez Precio de reemplazo Tipo de ítem Koha
        Biblioteca del Ateneo de Madrid Biblioteca del Ateneo de Madrid Sala Pecera Planta 3 17/01/2008     G-7625 1034492 23/02/2023 23/02/2023 Libro impreso